Los movimientos pop

Salvato in:
Dettagli Bibliografici
Ente Autore: Salvat Editores
Natura: Libro
Lingua:spagnolo
Pubblicazione: Salvat Editores. 1973.
Soggetti:
Tags: Aggiungi Tag
Nessun Tag, puoi essere il primo ad aggiungerne!!

MARC

LEADER 00000nam a22000005a 4500
001 13369
003 CL-ChBUA
005 20120815103455.0
008 070301s1973 sp 000 0 spa
040 |a CL-ChBUA  |c CL-ChBUA 
082 0 0 |a 303.372 
090 |c 13369  |d 13369 
110 2 |a Salvat Editores. 
245 1 0 |a Los movimientos pop 
260 |b Salvat Editores.  |c 1973. 
300 |a 142 p.  |c 18 cm. 
504 |a Indice. 
650 4 |a SOCIOLOGIA. 
650 4 |a PROCESOS SOCIALES. 
650 4 |a COSTUMBRES SOCIALES. 
942 |c LIB 
952 |0 0  |1 0  |4 0  |7 0  |9 18922  |a UNACH  |b UNACH  |c 300  |d 2007-03-05  |i 19.219.  |l 0  |o 303.372 / Sa 182.  |p 19921  |r 2012-12-27 00:00:00  |u 18922  |w 2012-08-08  |y LIB  |k 303.372 / Sa 182. 
999 |c 13369  |d 13369